Měření tvaru a rozměrů velkých součástí /
Salvato in:
| Autore principale: | |
|---|---|
| Natura: | Libro |
| Lingua: | ceco |
| Pubblicazione: |
Praha :
SNTL,
1982
|
| Soggetti: | |
| Tags: |
Nessun Tag, puoi essere il primo ad aggiungerne!!
|
MARC
| LEADER | 00000nam a22000003a 4500 | ||
|---|---|---|---|
| 001 | stu37460 | ||
| 005 | 20150617225723.3 | ||
| 008 | 920713s1982----cs------------------cze-d | ||
| 040 | |a STU |b slo | ||
| 041 | 0 | |a cze | |
| 044 | |a cs | ||
| 080 | |a 621.753 | ||
| 100 | 1 | |a Joza, Jan |4 aut | |
| 245 | 1 | |a Měření tvaru a rozměrů velkých součástí / |c [aut.]Jan Joza | |
| 260 | |a Praha : |b SNTL, |c 1982 | ||
| 300 | |a 397 s | ||
| 650 | 7 | |a Súčiastky |2 stusub | |
| 650 | 7 | |a meranie |2 stusub | |
| 650 | 7 | |a tvar a rozmery |2 stusub | |
| 996 | |b 284M021655 |c M*2610-1 |l MMKN |s A |a 24 |w stu37460_0001 | ||